Stars to windward (Record no. 6850)

MARC details
000 -CABECERA
campo de control de longitud fija 00678nam a2200229 a 4500
001 - NÚMERO DE CONTROL
campo de control BRCA_7169
005 - FECHA Y HORA DE LA ÚLTIMA TRANSACCIÓN
campo de control 20190320205733.0
008 - DATOS DE LONGITUD FIJA--INFORMACIÓN GENERAL
campo de control de longitud fija 130112s1938----nyua######---#000-0#eng-#
041 ## - CÓDIGO DE LENGUA
Código de lengua del texto/banda sonora o título independiente eng
044 ## - CÓDIGO DEL PAÍS DE LA ENTIDAD EDITORA/PRODUCTORA
Código MARC del país nyu
050 #4 - SIGNATURA TOPOGRÁFICA DE LA BIBLIOTECA DEL CONGRESO
Número de clasificación G463
Número de documento/Ítem .F34 1938
100 1# - ENTRADA PRINCIPAL--NOMBRE DE PERSONA
Nombre de persona Fahnestock, Bruce
Fechas asociadas al nombre 1911-1942
9 (RLIN) 17776
245 10 - MENCIÓN DE TÍTULO
Título Stars to windward
Mención de responsabilidad, etc. Bruce and Sheridan Fahnestock.
260 ## - PUBLICACIÓN, DISTRIBUCIÓN, ETC.
Lugar de publicación, distribución, etc. Nueva York
Nombre del editor, distribuidor, etc. Harcourt, Brace
Fecha de publicación, distribución, etc. c1938
300 ## - DESCRIPCIÓN FÍSICA
Extensión xii, 295 p.
Otras características físicas il.
Dimensiones 22 cm.
500 ## - NOTA GENERAL
Nota general Dedicatoria de uno de los autores al señor Franz Mayer
500 ## - NOTA GENERAL
Nota general P52
650 14 - PUNTO DE ACCESO ADICIONAL DE MATERIA--TÉRMINO DE MATERIA
Término de materia o nombre geográfico como elemento de entrada Viajes y travesias
9 (RLIN) 4701
700 1# - PUNTO DE ACCESO ADICIONAL--NOMBRE DE PERSONA
Nombre de persona Fahnestock, Sheridan
Fecha de publicación/de la obra 1912-1965
Término indicativo de función/relación coaut.
9 (RLIN) 17777
902 ## - CATALOGADOR
Iniciales GFM
942 ## - ELEMENTOS DE PUNTO DE ACCESO ADICIONAL (KOHA)
Fuente del sistema de clasificación o colocación Library of Congress Classification
Tipo de ítem Koha Libros
Holdings
Estado de retiro Estado de pérdida Estado dañado No para préstamo Localización permanente Ubicación/localización actual Fecha de adquisición Número de inventario Total de préstamos Signatura topográfica completa Código de barras Fecha visto por última vez Precio válido a partir de Tipo de ítem Koha
El ejemplar forma parte de la colección y puede ser consultado según las políticas vigentes.       Biblioteca del Museo Franz Mayer (Rogerio Casas-Alatriste) Biblioteca del Museo Franz Mayer (Rogerio Casas-Alatriste) 13/01/2012 P52   G463 .F34 1938 (P52) 7616 22/03/2019 22/03/2019 Libros